000
00329 a2200157 4500
001
193054
020
_a
978-85-08-11129-9
040
_c
Magnum
100
_a
Junqueira, Sonia
240
1
0
_a
O sonho da vaca
_l
por
245
1
0
_a
O sonho da vaca
300
_a
23
362
0
_a
2017
697
_a
LITERATURA INFANTO
942
_c
BK
999
_c
193054
_d
193054